Ordenanzas de la Real Maestranza de Cavalleros de la ciudad de Valencia (Record no. 163071)
[ view plain ]
| 000 -LEADER | |
|---|---|
| campo de control de longitud fija | 01184nam a2200217 i 4500 |
| 001 - NÚMERO DE CONTROL | |
| campo de control | 163071 |
| 003 - IDENTIFICADOR DE NÚMERO DE CONTROL | |
| campo de control | ES-MaACL |
| 005 - FECHA Y HORA DE LA ÚLTIMA TRANSACCIÓN | |
| campo de control | 20230906212650.0 |
| 008 - DATOS DE LONGITUD FIJA--INFORMACIÓN GENERAL | |
| campo de control de longitud fija | 931025s1776 sp af |||| | spa d |
| 110 2# - ENTRADA PRINCIPAL--NOMBRE DE ENTIDAD CORPORATIVA | |
| Nombre de entidad corporativa o nombre de jurisdicción como elemento de entrada | Real Maestranza de Caballería de Valencia. |
| 9 (RLIN) | 134790 |
| 245 10 - MENCIÓN DEL TÍTULO | |
| Título | Ordenanzas de la Real Maestranza de Cavalleros de la ciudad de Valencia |
| Resto del título | : año de MDCCLXXV. |
| 260 ## - PUBLICACIÓN, DISTRIBUCIÓN, ETC. | |
| Lugar de publicación, distribución, etc. | En Valencia : |
| Nombre del editor, distribuidor, etc. | en la oficina de Benito Monfort, |
| Fecha de publicación, distribución, etc. | 1776. |
| 300 ## - DESCRIPCIÓN FÍSICA | |
| Extensión | 2, 160 p, [1] h. de lám. : |
| Otras características físicas | il. ; |
| Dimensiones | 4º. |
| 530 ## - NOTA DISPONIBLE DE FORMULARIO FÍSICO ADICIONAL | |
| Nota de formato físico adicional disponible | Disponible en formato digital. |
| 597 ## - NOTA DE DESCRIPCIÓN FÍSICA | |
| NOTA DE DESCRIPCIÓN FÍSICA | Sign. : [ ]², A-V4. |
| 599 ## - NOTA A LAS ILUSTRACIONES | |
| NOTA A LAS ILUSTRACIONES | La lámina es un grabado calcográfico con la imagen de la Virgen rodeada de angelotes, y en la parte inferior, el escudo de la Real Maestranza con el lema "Equestris labor nobilitati decus". Firmado: "Joseph Camaron la dibuxó, Vic[en]te Galcerán y Alapont la gravó" |
| 599 ## - NOTA A LAS ILUSTRACIONES | |
| NOTA A LAS ILUSTRACIONES | Grabado calcográfico con escudo de Carlos III a toda plana en p. [3] |
| 610 24 - PUNTO DE ACCESO ADICIONAL DE MATERIA--NOMBRE DE ENTIDAD CORPORATIVA | |
| Nombre de entidad corporativa o nombre de jurisdicción como elemento de entrada | Real Maestranza de Caballería de Valencia. |
| 9 (RLIN) | 134790 |
| 852 ## - LOCALIZACIÓN | |
| Ubicación | ES-MaACL |
| Número de control de estantería | R-1046 |
| Nota libre | - Enc. piel |
| Encuadernación | Olim: G-8083 |
| 856 ## - LOCALIZACIÓN Y ACCESO ELECTRÓNICOS | |
| Identificador Uniforme de Recursos | <a href="http://bivaldi.gva.es/es/consulta/registro.cmd?id=3303 ">http://bivaldi.gva.es/es/consulta/registro.cmd?id=3303 </a> |
| Nota pública | Biblioteca Valenciana Digital |
| Estatus retirado | Estado de pérdida | Estado de daño | No para préstamo | Colección | Biblioteca de origen | Biblioteca actual | Ubicación en estantería | Fecha de adquisición | Fuente de adquisición | Total de préstamos | Signatura topográfica completa | Código de barras | Visto por última vez | Precio de reemplazo | Tipo de ítem Koha |
|---|---|---|---|---|---|---|---|---|---|---|---|---|---|---|---|
| Colección digital | Biblioteca del Ateneo de Madrid | Biblioteca del Ateneo de Madrid | Depósito | 17/01/2008 | R-1046 | 1170875 | 23/02/2023 | 23/02/2023 | Libro impreso antiguo |
